A bibliography of the writings of Prof. Shelomo Dov Goitein

محفوظ في:

المؤلف الرئيسي: Robert Attal

التنسيق: كتاب

اللغة: Undetermined

منشور في: Jerusalem Israel Oriental Soc., 1987

الوسوم: إضافة وسم

لا توجد وسوم, كن أول من يضع وسما على هذه التسجيلة!

رقم الطلب: (P)Z8351.74 A88 Suppl.

LEADER 00355nam a2200121Ia 4500
008 240503s9999||||xx |||||||||||||| ||und||
050 4 |a (P)Z8351.74 A88 Suppl. 
100 1 |a Robert Attal 
245 1 2 |a A bibliography of the writings of Prof. Shelomo Dov Goitein  
264 1 |a Jerusalem  |b Israel Oriental Soc.,  |c 1987 
300 |a 22  |c 24 
942 |2 lcc  |c PT 
999 |c 58279  |d 58279